Revitalizácia parkového priestoru, Komárno

Enregistré dans:
Détails bibliographiques
Auteur principal: Lehoczká, Monika (Auteur)
Autres auteurs: Putrová, Eva, 1953- (Directeur de thèse)
Format: Manuscrit Livre
Langue:slovaque
Publié: Bratislava 2015
Sujets:
Accès en ligne:http://is.stuba.sk/zp/portal_zp.pl?podrobnosti=102995
Tags: Ajouter un tag
Pas de tags, Soyez le premier à ajouter un tag!

MARC

LEADER 00000ntm a22000003a 4500
001 stuzp52584
003 SK-STU
005 20230815142551.1
007 ta
008 150427s2015----xo-----f-mn---000-0-slo-d
040 |a STU  |b slo 
041 0 |a slo 
100 1 |a Lehoczká, Monika  |u 057170  |4 aut  |U FAD Fakulta architektúry  |T FA Ústav krajinnej a záhradnej architektúry  |X 70414  |U A7170  |Y 398  |7 70414 
242 0 1 |a Revitalizácia parkového priestoru, Komárno  |y eng 
245 1 0 |a Revitalizácia parkového priestoru, Komárno 
260 |c 2015  |a Bratislava 
650 4 |a park  |2 slo 
650 4 |a revitalizácia  |2 slo 
650 4 |a zeleň  |2 slo 
650 4 |a revitalization  |2 eng 
650 4 |a park  |2 eng 
650 4 |a vegetation  |2 eng 
700 1 |a Putrová, Eva,  |d 1953-  |4 ths  |X 452  |7 A000000452 
856 4 |u http://is.stuba.sk/zp/portal_zp.pl?podrobnosti=102995  |u https://opac.crzp.sk/?fn=detailBiblioForm&sid=367CD704F5D5570C78EFF7DE3652 
SQL |a stuzp52584  |b DBP  |c SLO  |d Revitalizácia parkového priestoru, Komárno  |e 70414  |f Lehoczká, Monika  |g 057170  |h 452  |i Putrová, Eva  |j 20150611  |k 151  |l 05  |m http://is.stuba.sk/zp/portal_zp.pl?podrobnosti=102995  |n B-KAKP  |o 6.1.17. krajinná a záhradná architektúra